10 Biggest Cities in Tanzania - Statistics

General Stats
  • This quiz has been taken 95 times
  • The average score is 6 of 10
Answer Stats
Population City % Correct
2 700 000 Dar es Salaam
97%
180 000 Dodoma
96%
405 000 Zanzibar
76%
340 000 Arusha
75%
435 000 Mwanza
71%
290 000 Mbeya
53%
225 000 Tanga
43%
250 000 Morogoro
41%
155 000 Moshi
38%
165 000 Kigoma
28%
No matching quizzes found
Score Distribution
Percent of People with Each Score
Percentile by Number Answered
Your Score History
You have not taken this quiz